<?xml version="1.0" encoding="UTF-8"?>
<record
    xmlns:xsi="http://www.w3.org/2001/XMLSchema-instance"
    xsi:schemaLocation="http://www.loc.gov/MARC21/slim http://www.loc.gov/standards/marcxml/schema/MARC21slim.xsd"
    xmlns="http://www.loc.gov/MARC21/slim">

  <leader>01412nam a2200217 a 4500</leader>
  <controlfield tag="005">20140124095310.0</controlfield>
  <controlfield tag="008">140124b2005    ck ||||| |||| 00| 0 spa d</controlfield>
  <datafield tag="041" ind1=" " ind2=" ">
    <subfield code="a">spa</subfield>
  </datafield>
  <datafield tag="044" ind1=" " ind2=" ">
    <subfield code="a">ck</subfield>
  </datafield>
  <datafield tag="090" ind1=" " ind2=" ">
    <subfield code="a">IAVH</subfield>
    <subfield code="b">00428</subfield>
  </datafield>
  <datafield tag="100" ind1=" " ind2=" ">
    <subfield code="a">Vel&#xE1;squez R&#xFA;a, C&#xE9;sar</subfield>
    <subfield code="9">4626</subfield>
  </datafield>
  <datafield tag="245" ind1=" " ind2=" ">
    <subfield code="a">Compilaci&#xF3;n de la informaci&#xF3;n y supervisi&#xF3;n de ilustraciones bot&#xE1;nicas para categorizar las especies del volumen 3 del libro rojo de plantas faner&#xF3;gamas de Colombia</subfield>
    <subfield code="b">informe</subfield>
  </datafield>
  <datafield tag="260" ind1=" " ind2=" ">
    <subfield code="a">Medell&#xED;n</subfield>
    <subfield code="b">Instituto Alexander von Humboldt</subfield>
    <subfield code="c">2005</subfield>
  </datafield>
  <datafield tag="300" ind1=" " ind2=" ">
    <subfield code="a">2 p.</subfield>
  </datafield>
  <datafield tag="520" ind1=" " ind2=" ">
    <subfield code="a">Informe de productos entregados al IAvH resultantes del contrato 164: se supervis&#xF3; la elaboraci&#xF3;n de 40 ilustraciones bot&#xE1;nicas de las familias Magnoliacease, Podocarpaceae Myristicaceae y Annonaceae, realizadas por el ilustrador John Jairo Colorado, se revis&#xF3; y prest&#xF3; en los herbarios de Medell&#xED;n el material bot&#xE1;nico de las especies seleccionadas. Se entreg&#xF3; una base de datos de las familias mencionadas, la cual presenta 3655 datos con las caracter&#xED;sticas de esas familias. Se entregaron fichas para las familias mencionadas y una lista de 272 especies de la familia Annonaceae con datos preliminares para categorizar las especies amenazadas de esta familia</subfield>
  </datafield>
  <datafield tag="650" ind1=" " ind2=" ">
    <subfield code="a">Plantas faner&#xF3;gamas de Colombia</subfield>
    <subfield code="9">5001</subfield>
  </datafield>
  <datafield tag="650" ind1=" " ind2=" ">
    <subfield code="a">Ilustraciones bot&#xE1;nicas</subfield>
    <subfield code="9">5002</subfield>
  </datafield>
  <datafield tag="650" ind1=" " ind2=" ">
    <subfield code="a">Base de datos</subfield>
    <subfield code="9">5003</subfield>
  </datafield>
  <datafield tag="942" ind1=" " ind2=" ">
    <subfield code="c">CD-ROM</subfield>
    <subfield code="0">1</subfield>
    <subfield code="2">z</subfield>
  </datafield>
  <datafield tag="945" ind1=" " ind2=" ">
    <subfield code="d">2005-11-10</subfield>
  </datafield>
  <datafield tag="999" ind1=" " ind2=" ">
    <subfield code="c">4795</subfield>
    <subfield code="d">4795</subfield>
  </datafield>
  <datafield tag="952" ind1=" " ind2=" ">
    <subfield code="0">0</subfield>
    <subfield code="1">0</subfield>
    <subfield code="2">z</subfield>
    <subfield code="4">0</subfield>
    <subfield code="7">0</subfield>
    <subfield code="8">HUMBOLDT</subfield>
    <subfield code="a">Bogota</subfield>
    <subfield code="b">Bogota</subfield>
    <subfield code="d">2005-11-10</subfield>
    <subfield code="e">CID Humboldt</subfield>
    <subfield code="l">1</subfield>
    <subfield code="o">IAVH-00428</subfield>
    <subfield code="p">022216</subfield>
    <subfield code="r">2014-01-17 00:00:00</subfield>
    <subfield code="s">2014-01-16</subfield>
    <subfield code="t">Ej. 1</subfield>
    <subfield code="w">2012-12-04</subfield>
    <subfield code="x">Dep&#xF3;sito Institucional</subfield>
    <subfield code="y">INFORME</subfield>
  </datafield>
  <datafield tag="952" ind1=" " ind2=" ">
    <subfield code="0">0</subfield>
    <subfield code="1">0</subfield>
    <subfield code="2">z</subfield>
    <subfield code="4">0</subfield>
    <subfield code="7">0</subfield>
    <subfield code="8">HUMBOLDT</subfield>
    <subfield code="a">Bogota</subfield>
    <subfield code="b">Bogota</subfield>
    <subfield code="d">2005-11-10</subfield>
    <subfield code="e">CID Humboldt</subfield>
    <subfield code="l">0</subfield>
    <subfield code="o">IAVH-00428</subfield>
    <subfield code="p">022158</subfield>
    <subfield code="r">2012-12-04 00:00:00</subfield>
    <subfield code="t">Ej. 2</subfield>
    <subfield code="w">2012-12-04</subfield>
    <subfield code="x">Dep&#xF3;sito Institucional</subfield>
    <subfield code="y">INFORME</subfield>
  </datafield>
</record>
